00494nam a2200181Ia 450000500170000000800410001702000180005808200130007610000230008924500190011225000080013126000340013930000130017365000120018694200060019895200930020499900150029720250428021915.0240331s9999 xx 000 0 und d a9789556712544 a891bKAV aRajakarunanayake,S 0aKavi kanthura  a7th aColombobSarasavi Booksc2013 a336 p ., aA Novel cL 001040708LaWERCLbWERCLcSSCd2024-03-31l0o891.48p6783r2024-03-31w2024-03-31yL c5790d5790